| 000 | 00609cam a2200241ua 4500 | ||
|---|---|---|---|
| 041 |
_aeng _h |
||
| 082 |
_a628.7 _bWAG/WA |
||
| 100 | _aWagner, Edmund G. | ||
| 245 |
_aWater supply for rural areas and small communities / _cEdmund G Wagner. _hTextual Documents |
||
| 250 |
_a1 / _b. |
||
| 260 |
_aGeneva : _bWorld Health Organisation , _c1959. |
||
| 300 | _a340 ; . | ||
| 504 | _a | ||
| 700 | 1 | _aLanoix, J N. | |
| 942 | _cBK | ||
| 999 |
_c267 _d267 |
||